|
|
|
|
| LEADER |
00000nam a2200000 a 4500 |
| 001 |
vtls001423321 |
| 003 |
SK-MaSNL |
| 005 |
20260331204237.0 |
| 008 |
240226s2000 xo ap r 0yy slo |
| 015 |
|
|
|a SNBI2002/03-01065
|
| 020 |
|
|
|a 8096803557
|
| 035 |
|
|
|a SNK000378194
|
| 035 |
|
|
|a urn:nbn:sk:snk-amk52q
|
| 035 |
|
|
|a urn:nbn:sk:snk-am004zja
|
| 035 |
|
|
|a ADED40C4-36D6-4CC3-AAAA-D9E038F81EC0
|
| 040 |
|
|
|a SNK
|b slo
|c SNK
|e AACR2
|
| 041 |
0 |
|
|a slo
|
| 044 |
|
|
|a xo
|c SK
|
| 080 |
|
|
|a 656.05:37(083.133)
|2 1981
|
| 080 |
|
|
|a 351.811.122
|2 1981
|
| 080 |
|
|
|a 37
|2 1981
|
| 100 |
1 |
|
|a Martinec, Miroslav
|4 oth
|9 292854
|
| 245 |
1 |
0 |
|a Učebnica pre autoškoly
|b základná učebnica s predpismi o cestnej premávke s komentárom pre všetky skupiny vodičských oprávnení a s testovými otázkami
|c autor komentára: Miroslav Martinec
|
| 250 |
|
|
|a 2. upr. vyd.
|
| 260 |
|
|
|a Bratislava
|b Bertelsmann Media
|c 2000
|
| 300 |
|
|
|a 266 s.
|b fareb. fotogr., sch., tab.
|c 24 cm
|
| 490 |
1 |
|
|a Človek za volantom / Bertelsmann Media
|
| 500 |
|
|
|a Obalový názov. Údaj o aut. prevzatý z tiráže
|
| 650 |
0 |
7 |
|a autoškoly
|2 SNKPH
|9 31658
|
| 650 |
0 |
7 |
|a teória
|2 SNKPH
|9 3883
|
| 650 |
0 |
7 |
|a cestná premávka
|2 SNKPH
|9 31852
|
| 650 |
0 |
7 |
|a pravidlá cestnej premávky
|2 SNKPH
|9 67981
|
| 655 |
|
7 |
|a pokyny
|2 SNKPH
|9 70685
|
| 655 |
|
7 |
|a nariadenia
|2 SNKPH
|9 70672
|
| 655 |
|
7 |
|a testy
|2 SNKPH
|9 70500
|
| 655 |
|
7 |
|a vyhlášky
|2 SNKPH
|9 70671
|
| 655 |
|
7 |
|a zákony
|2 SNKPH
|9 70186
|
| 830 |
|
0 |
|a Človek za volantom / Bertelsmann Media
|9 584663
|
| 919 |
|
|
|a 80-968035-5-7
|
| 958 |
|
|
|a TL
|
| 999 |
|
|
|c 899147
|d 901077
|
| 952 |
|
|
|t P60, <04>, [BOOK], {604}
|a SNK
|b SNK
|y VYP
|7 0
|p 17A0320563
|o snkSC 106428 D1
|i snkKSP 12435/2001
|3 chýba predná strana
|0 0
|1 0
|4 0
|d 2001-11-02
|l 0
|r 2005-01-02 00:00:00
|w 2026-02-24
|
| 952 |
|
|
|t P60, <03>, [BOOK], {603}
|a SNK
|b SNK
|y PREZ
|7 0
|p 17A0320562
|o snkSC 106428
|i snkKSP 12434/2001
|0 0
|1 0
|4 0
|d 2001-11-02
|f 1
|l 0
|r 2025-09-26 00:00:00
|w 2026-02-24
|